000 00976nam a2200313Ia 4500
003 GCL
008 140319s9999 xx 000 0 ara d
040 _aGCL /
_cGCL
082 0 4 _a269.96
_bع ا
100 1 _aعبدالله عبدالرازق ابراهيم
245 1 0 _aاضواء على الطرق الصوفية فى القارة الافريقية /
_cعبدالله عبدالرازق ابراهيم
260 _aالقاهرة :
_bمكتبة مدبولى ،
_c1977
300 _a177 ص ؛
_c19 سم
490 _a
650 0 4 _aالقادرية
650 0 4 _aالتيجانية
650 0 4 _aالسنوسية
650 0 4 _aالمريدية
650 0 4 _aالحمالية
650 0 4 _aاليعقوبية
650 0 4 _aالفاضلية
650 0 4 _aالعينية
650 0 4 _aالشاذلية
650 0 4 _aالمجذوبية
650 0 4 _aالسمانية
650 0 4 _aالراشدية
650 0 4 _aالمرغنية
942 _2ddc
_cBK
999 _c37819
_d37819